000 00661nam a2200241Ia 4500
001 798
003 GE_BSU
008 181216s||||||||xx |||||||||||||| ||und||
020 _a978584590857
040 _cGE_BSU
080 _a681.3.07
100 _aКормен, Томас и др.
245 _aАлгоритмы построение и анализ
260 _aМосква
260 _bИзд.дом "Вильямс
260 _c2011
300 _a1296стр.
520 _aперевод. с англ.
541 _h12л.
653 _aАлгоритмы
653 _aАлгоритмы построение и анализ
942 _cBK
999 _c34965
_d34965